Statistiques concernant Test de Rapidité : Allez de 1 à 100

Cliquez ici pour prendre le quiz!

Statistiques générales

  • Ce quiz a été pris 505 228 fois
    (501 846 depuis la dernière actualisation)
  • Le résultat moyen est 33 sur 100

Statistiques - réponses

% Correct
1
99%
2
98%
3
97%
4
96%
5
95%
6
95%
7
94%
8
93%
9
93%
10
89%
11
87%
12
86%
13
85%
14
84%
15
83%
16
82%
17
80%
18
79%
19
78%
20
75%
21
74%
22
72%
23
70%
24
69%
25
68%
26
67%
27
66%
28
64%
29
63%
30
59%
31
56%
32
55%
33
51%
34
48%
35
46%
36
45%
37
43%
38
41%
39
40%
40
35%
41
32%
42
30%
43
28%
44
25%
45
23%
46
21%
47
20%
48
19%
49
18%
50
15%
51
13%
52
12%
53
11%
54
10%
55
9%
56
8%
57
7%
58
6%
59
6%
60
5%
61
4%
62
4%
63
3%
64
3%
65
3%
66
2%
67
2%
68
2%
69
2%
70
1%
71
1%
72
1%
73
1%
74
1%
75
1%
76
1%
77
1%
100
0%
78
0%
79
0%
80
0%
81
0%
82
0%
83
0%
84
0%
85
0%
86
0%
87
0%
88
0%
89
0%
90
0%
91
0%
92
0%
93
0%
94
0%
95
0%
96
0%
97
0%
98
0%
99
0%

Distribution des résultats

Percentile par nombre de réponses

% des personnes avec chaque résultat

Votre développement - résultats

Vous n’avez pas pris ce quiz depuis la dernière actualisation